|
|
|
|
| LEADER |
00000nam a22000007a 4500 |
| 005 |
20150508153945.0 |
| 007 |
cr|||| |||| |
| 008 |
150508s2015 mx |||||s|||| 00||0 spa d |
| 020 |
|
|
|a 978-607-440-752-5
|
| 035 |
|
|
|a 12670
|
| 040 |
|
|
|a vLex
|
| 090 |
|
|
|c 5407
|d 5407
|
| 100 |
1 |
|
|a Přez Chavez, Još
|
| 245 |
1 |
0 |
|a Guia practica de ISR. Personas morales 2015
|h [Recurso electrn̤ico]
|b Personas morales 2015 /
|c Jos ̌Přez Chavez, Raymundo Fol Olguin
|
| 256 |
|
|
|a Servicio en ln̕ea
|
| 260 |
|
|
|a Mx̌ico D.F. :
|b Tax Editores,
|c 2015
|
| 300 |
|
|
|a 1 recurso electrn̤ico
|
| 500 |
|
|
|a Uno de los tributos ms̀ importantes que deben pagar las personas morales del rǧimen general de ley es el Impuesto sobre la Renta (ISR), el cual, por lo general, grava la renta (utilidades) de las personas tanto fs̕icas como morales. El lector encontrar ̀en esta obra, entre otros, los siguientes temas relativos a las personas morales del rǧimen general de ley: 1. Determinacin̤ de los pagos provisionales y del impuesto del ejercicio. 2. Tratamiento de las přdidas fiscales. 3. Cl̀culo de la base gravable y del importe de la PTU. 4. Determinacin̤ de la parte deducible en el ISR correspondiente a los pagos a trabajadores que se encuentren exentos de este impuesto. 5. Cl̀culo de la deduccin̤ de inversiones y del costo de lo vendido. 6. Determinacin̤ del ajuste anual por inflacin̤ acumulable y deducible. 7. Cl̀culo de la cuenta de utilidad fiscal neta (Cufin) y de la cuenta de capital de aportacin̤ (Cuca). 8. ISR por pago de dividendos. 9. Determinacin̤ de la retencin̤ mensual del ISR por los pagos de salarios. 10. Cl̀culo del impuesto anual por los pagos de salarios. Estamos seguros de que esta obra ser ̀de gran utilidad para los estudiantes de nuestra legislacin̤ tributaria federal, para los despachos de contadores pb︢licos, as ̕como para las personas interesadas en temas fiscales.
|
| 506 |
1 |
|
|a Contenido disponible en los productos indicados
|d vLex Global
|d vLex Global (Academic Edition, excluding Law Schools)
|d vLex Global (U.S. Academic Edition, Law Schools)
|d vLex Global (U.S. Academic Edition, excluding Law Schools)
|d vLex Global (Academic Edition, Law Schools)
|
| 650 |
0 |
4 |
|a Impuestos
|z Mx̌ico
|
| 650 |
0 |
4 |
|a Derecho fiscal
|z Mx̌ico
|
| 700 |
1 |
|
|a Fol Olguin, Raymundo
|
| 740 |
0 |
|
|a vLex Libros (Servicio en ln̕ea)
|
| 856 |
4 |
0 |
|u http://vlex.com/source/guia-practica-de-isr-personas-morales-2015-12670
|z Acceso restringido
|
| 942 |
|
|
|c BOOK
|
| 999 |
0 |
|
|a Taxation
|